000
00288nam a2200109 a 4500
005
20200930070731.0
008
110921s1995 000 spa d
020
_a
0671871099
245
0
_a
First in his class : a biography of Bill Clinton.
260
_a
New York,
_c
1995.
999
_c
33542
_d
33542
040
_a
DO-SdBNP